| 000 | 00543cam a22002291 4500 | ||
|---|---|---|---|
| 001 | sa 68003539 | ||
| 003 | DLC | ||
| 005 | 20260227112453.0 | ||
| 008 | 940822s1965 ii 000 1 orio | ||
| 010 | _asa 68003539 | ||
| 025 | _aPL480:I-O-810 | ||
| 035 | _a(OCoLC)30990598 | ||
| 040 |
_aDLC _cCU _dCU _dDLC |
||
| 042 | _apremarc | ||
| 050 | 0 | 0 |
_aPK2579.M3 _bM27 |
| 100 | 1 |
_aMahanty, Surendra, _d1920- |
|
| 245 | 1 | 0 | _aMahānirbāṇa. |
| 260 | _c[1965] | ||
| 300 |
_a192 p. _c23 cm. |
||
| 500 | _aIn Oriya. | ||
| 500 | _aShort stories. | ||
| 999 |
_c79560 _d79560 |
||